Štatistická ročenka Slovenskej republiky 2017 = Statistical Yearbook of the Slovak Republic 2017

Guardado en:
Detalles Bibliográficos
Formato: Libro
Lenguaje:eslovaco
Publicado: Bratislava : Veda, 2017
Materias:
Etiquetas: Agregar Etiqueta
Sin Etiquetas, Sea el primero en etiquetar este registro!

MARC

LEADER 00000nam a22000003a 4500
001 0032380
003 SK-STU
005 20180417123000.7
007 ta
008 180417s ----xo-----e------000-0-----d
020 |a 978-80-224-1629-0 
040 |a STU  |b slo 
041 0 |a slo 
044 |a xo 
080 |a 311(437.6) 
245 1 0 |a Štatistická ročenka Slovenskej republiky 2017 = Statistical Yearbook of the Slovak Republic 2017 
260 |a Bratislava :  |b Veda,  |c 2017 
300 |a 661 s.,  |b 16 s. obrazovej prílohy 
650 0 7 |a Štatistika slovenská 
996 |b 284EK89952  |c E*89952  |l EE0101  |s P  |a 0  |w 0032380_0001